Temples of Kolhapur : (Record no. 55468)

MARC details
000 -LEADER
fixed length control field 01015naa a2200241 4500
005 - DATE AND TIME OF LATEST TRANSACTION
control field 20110810145620.0
008 - FIXED-LENGTH DATA ELEMENTS--GENERAL INFORMATION
fixed length control field 110810t xxu||||| |||| 00| 0 eng d
010 ## - LCCN (DPL NO)
LC control number ENG-103350
020 ## - INTERNATIONAL STANDARD BOOK NUMBER
Terms of availability 200.00
035 ## - SYSTEM CONTROL NUMBER
System control number EN-86883
037 ## - SOURCE OF ACQUISITION
Source of stock number/acquisition DBAD/PUB
040 ## - CATALOGING SOURCE
Original cataloging agency DPL
Language of cataloging Eng
082 ## - DEWEY DECIMAL CLASSIFICATION NUMBER
Classification number 726.144
100 ## - MAIN ENTRY--PERSONAL NAME
9 (RLIN) 32587
Personal name Prabhudesai,Yogesh S.
245 1# - TITLE STATEMENT
Title Temples of Kolhapur :
Statement of responsibility, etc by Yogesh S Prabhudesai
Remainder of title an overview of the ancient art & architecture in Kolhapur /
260 ## - PUBLICATION, DISTRIBUTION, ETC. (IMPRINT)
Place of publication, distribution, etc Kolhapur
Name of publisher, distributor, etc Savitri Publications
Date of publication, distribution, etc 2011
270 ## - ADDRESS
Address Shop No-6, Vitthal-Rukmini Apptt,Opp-Mangaldham,Binkhambi Ganesh mandir road,
City Kolhapur ,Maharastha
300 ## - PHYSICAL DESCRIPTION
Extent 111,16p. of plates.
Dimensions 22cm (pbk)
700 ## - ADDED ENTRY--PERSONAL NAME
9 (RLIN) 32860
942 ## - ADDED ENTRY ELEMENTS (KOHA)
Institution code [OBSOLETE] dpl
Item type English Books
Source of classification or shelving scheme Dewey Decimal Classification
Call number suffix PRA
Classification part 726.144
Holdings
Withdrawn status Lost status Source of classification or shelving scheme Damaged status Not for loan Collection code Home library Current library Date acquired Source of acquisition Cost, normal purchase price Total Checkouts Full call number Barcode Date last seen Copy number Cost, replacement price Koha item type
    Dewey Decimal Classification     Non-fiction D.B.Act.Division D.B.Act.Division 16/08/2011 DBAD/PUB 200.00   726.144PRA EN-86883 16/08/2011 1 200.00 English Books

© Delhi Public Library
Hit Counter
free hit counter